000 00966nam a22003137a 4500
003 CHAP
005 20220329141817.0
008 971013s1974 r 00010 d
010 _a74214
011 _a75186
035 _a84746
040 _cCHAP
082 _a150.184
_bC3Y
100 0 0 _aCarnap, R.
_919051
245 _aMatemáticas en las ciencias del comportamiento
260 _aMadrid :
_bAlianza,
_c1974
300 _a484 p.
490 _aAlianza Universidad
_v; 86
590 _aBATCH-UPD
_b10
_c20130110
_lUCH01
_h0504
590 _aBATCH-UPD
_b10
_c20130110
_lUCH01
_h2154
590 _aBATCH-UPD
_b10
_c20130410
_lUCH01
_h0142
590 _aBATCH-UPD
_b10
_c20130914
_lUCH01
_h1945
590 _aCONVERSION
_b10
_c20130109
_lUCH01
_h1341
650 1 4 _aPsicología
_xModelos matemáticos.
_992605
830 0 _aAlianza Universidad
_v; 86
_94098
901 _aBK
942 _cLIBRO
949 _a150.184 C3Y
_bBC
_cLIBRO
_d33724000231742
_eLIBRO
_h34763
_i84746
_si
999 _c74214
_d74214